00513nam a22001697a 450000500170000001000150001702000260003203500140005803700090007208200150008110000210009624500420011725000060015926000570016527000890022230000320031120241128152654.0 aENG-142683 c499.00a9789361595202 aEN-126215 bDBAD a796.06921 aSharma, Dheeraj  aSports Management/cBy Dheeraj Sharma a1 aUttar PradeshbPearson India Education Pvt Ltdc2025 bUttar Pradesha1st FLoor, Berger Tower, Plot No. C-001A/2, Sector-16B, Noidae201301 axxiv,243p.c23cm(pb)bIndex